№ 1 (3); Памятники Отечества; "...Был полезным для своего Отечества"; В старых переулках...; Сохранить для потомков; Бесценный дар; Слава России; Заветы великого мастера; Исторический Томск: настоящее и будущее

Dades bibliogràfiques
Parent link:Памятники Отечества: Альманах/ Всероссийское общество охраны памятников истории и культуры ; ред. И. В. Петрянов-Соколов. № 1 (3).— , 1981-
Idioma:rus
Publicat: 1981
TOC:О. Любченко, "...Был полезным для своего Отечества";
Ю. Осипов, В старых переулках...;
Е. Е. Нестеренко, Сохранить для потомков;
В. Дементьев, Бесценный дар;
Ю. К. Королев, Слава России;
Е. И. Зверьков, Заветы великого мастера;
О. И. Пруцын, Исторический Томск: настоящее и будущее;
Matèries:
Format: MixedMaterials Llibre
KOHA link:https://koha.lib.tpu.ru/cgi-bin/koha/opac-detail.pl?biblionumber=133445

MARC

LEADER 00000nam2a2200000 4500
001 133445
005 20231101220429.0
035 |a (RuTPU)RU\TPU\book\144619 
090 |a 133445 
100 |a 20080317d1981 m y0rusy50 ca 
101 0 |a rus 
102 |a RU 
105 |a a z 000zd 
200 0 |a № 1 (3) 
210 |d 1981 
215 |a 168 с.  |c ил. 
461 1 |0 (RuTPU)RU\TPU\book\145950  |t Памятники Отечества  |o Альманах  |f Всероссийское общество охраны памятников истории и культуры ; ред. И. В. Петрянов-Соколов  |v № 1 (3)  |d 1981- 
464 |t "...Был полезным для своего Отечества"  |f О. Любченко 
464 |t В старых переулках...  |f Ю. Осипов 
464 |t Сохранить для потомков  |f Е. Е. Нестеренко 
464 |t Бесценный дар  |f В. Дементьев 
464 |t Слава России  |f Ю. К. Королев 
464 |t Заветы великого мастера  |f Е. И. Зверьков 
464 |t Исторический Томск: настоящее и будущее  |f О. И. Пруцын 
600 1 |a Болотов  |b А. Т.  |c российский естествоиспытатель, писатель  |c один из основоположников агрономической науки,хозяйственного и статистического учета в России  |f 1738-1833  |g Андрей Тимофеевич  |2 stltpush  |3 (RuTPU)RU\TPU\pers\14378  |9 4759 
600 1 |a Лермонтов  |g Михаил Юрьевич  |c русский поэт  |f 1814-1841  |c писатель  |b М. Ю.  |2 stltpush  |3 (RuTPU)RU\TPU\pers\1023 
600 1 |a Лесков  |b Н. С.  |c русский писатель  |f 1831-1895  |g Николай Семенович  |2 stltpush  |3 (RuTPU)RU\TPU\pers\6063  |9 1188 
600 1 |a Мусоргский  |b М. П.  |c русский композитор  |f 1839-1881  |g Модест Петрович  |2 stltpush  |3 (RuTPU)RU\TPU\pers\11059  |9 2434 
600 1 |a Третьяков  |g Павел Михайлович  |b П. М.  |c российский предприниматель  |c коллекционер  |c меценат  |f 1832-1900  |2 stltpush  |3 (RuTPU)RU\TPU\pers\1091 
600 1 |a Иванов  |b А. А.  |c русский живописец  |f 1806-1858  |g Александр Андреевич  |2 stltpush  |3 (RuTPU)RU\TPU\pers\10468  |9 2225 
610 1 |a Россия 
610 1 |a история 
610 1 |a культура 
610 1 |a памятники архитектуры 
610 1 |a памятные места 
610 1 |a заповедники 
610 1 |a Томск 
610 1 |a Москва 
610 1 |a Третьяковская галерея 
675 |a 711.424  |v 3 
801 1 |a RU  |b 63413507  |c 20080317  |g PSBO 
801 2 |a RU  |b 63413507  |c 20140228  |g PSBO 
942 |c BK